Samuel Beckett et L’unuers de la fiction
Gespeichert in:
| 1. Verfasser: | |
|---|---|
| Format: | Buch |
| Sprache: | Englisch |
| Veröffentlicht: |
Montreal Les Presses
1976
|
| Tags: |
Tag hinzufügen
Keine Tags, Fügen Sie den ersten Tag hinzu!
|
MARC
| LEADER | 00000nam a22000007a 4500 | ||
|---|---|---|---|
| 008 | 201221b ||||| |||| 00| 0 eng d | ||
| 100 | |a SAIN-MARTIN, Ferrande | ||
| 245 | |a Samuel Beckett et L’unuers de la fiction |c Ferrande Sain-Martin. | ||
| 260 | |b Montreal Les Presses |c 1976 |h University de Montreal |i 181661 |l PQ2603 .E378Z57 |m Beckett Samuel, 1906 – Criticism & Interpretation | ||
| 942 | |a lcc |c BK |e ADEYEYE Y. S. |f 21/12/2020 | ||
| 952 | |0 0 |1 0 |2 lcc |4 0 |6 PQ2603 E378 Z57 |7 0 |9 1093 |a HOL |b HOL |c LP |d 2020-12-21 |l 0 |o PQ2603 .E378Z57 |p 2020-230307 |r 2020-12-21 00:00:00 |w 2020-12-21 |y BK | ||
| 999 | |c 564 |d 564 | ||